Великотърновската Алма Матер в развитието на съвременната българска литература (Запис номер 110795)
[ съкратено ]
| 000 -Лидер | |
|---|---|
| Контролно поле с фиксирана дължина | 02196nam a2200433 c 4500 |
| 003 - Код на организацията, давaща контролен номер | |
| Контролно поле | BLK |
| 005 - Дата и час на последна редакция | |
| Контролно поле | 20220228140818.0 |
| 008 - Елементи от данни с фиксирана дължина | |
| fixed length control field | 180409b bul|||||r ||||||| ||bul|| |
| 010 ## - Наследен системен номер | |
| LC control number | KNG00116127000 |
| 040 ## - Източник на каталожния запис | |
| Идентификатор на билиотеката - собственик на записа | BLK |
| 041 ## - Код за език | |
| Код за езика на текст/звукозапис или на отделно заглавие | Български |
| Код за езика КДБФ | Български |
| 080 ## - УДК | |
| Текстов определител УДК | Био-библиографии |
| УДК код - определител по УДК | 016:929 |
| УДК - код + определител | 016:929 |
| 080 ## - УДК | |
| Текстов определител УДК | Българска литература |
| УДК код - определител по УДК | 821.163.2 |
| УДК определител | (01) |
| УДК - код + определител | 821.163.2(01) |
| 080 ## - УДК | |
| Текстов определител УДК | Теория на литературата. Литературна техника |
| УДК код - определител по УДК | 82.01/.09 |
| УДК определител | (497.2)(01) |
| УДК - код + определител | 82.01/.09(497.2)(01) |
| 080 ## - УДК | |
| Текстов определител УДК | Библиографии на произведенията на отделни групи автори |
| УДК код - определител по УДК | 013 |
| УДК определител | :378.4(497.216) |
| УДК - код + определител | 013:378.4(497.216) |
| 080 ## - УДК | |
| Текстов определител УДК | Биографии |
| УДК код - определител по УДК | 929 |
| УДК определител | (497.216) |
| УДК - код + определител | 929(497.216) |
| 139 ## - Редно поле | |
| Редна дума | Радев, Иван Николов |
| Авторски знак | Вели - В 39 |
| 245 10 - Сведения за заглавието | |
| Заглавие | Великотърновската Алма Матер в развитието на съвременната българска литература |
| Подзаглавни данни | Био-библиогр. указател |
| Редно поле (дума) | състав. Иван Николов Радев; предг. от Сава Василев. |
| 257 ## - Страна на издаване | |
| Страна на създаване/издаване | България |
| 260 ## - Област на издателските данни | |
| Име на издателя, разпространителя и проч. | Унив. изд. Св. св. Кирил и Методий |
| Година на издаване | 2003 |
| Печатница | В. Търново : Faber |
| 300 ## - Физическа характеристика | |
| Страници | 100 с. |
| Илюстрации и др. | с ил. |
| Размери/Мащаб | 20 см |
| 380 ## - Жанр | |
| Жанр | Общ отдел |
| 500 ## - Общи забележки | |
| Забележка | Други състав. : А. Тонов, И. Станков, С. Василев |
| 650 #4 - Допълнително описание по предмет – тема | |
| Основно описание – тема или топоним | Писатели, български - библиографии |
| 9 (RLIN) | 245019 |
| 650 #4 - Допълнително описание по предмет – тема | |
| Основно описание – тема или топоним | Филолози, български |
| 9 (RLIN) | 175447 |
| 650 #4 - Допълнително описание по предмет – тема | |
| Основно описание – тема или топоним | Литературоведи, български |
| 9 (RLIN) | 267787 |
| 650 #4 - Допълнително описание по предмет – тема | |
| Основно описание – тема или топоним | Великотърновски университет "Св. св. Кирил и Методий" |
| 9 (RLIN) | 265441 |
| 653 ## - Ключова дума – ненормативна | |
| Ключова дума | български писатели |
| 653 ## - Ключова дума – ненормативна | |
| Ключова дума | филолози |
| 653 ## - Ключова дума – ненормативна | |
| Ключова дума | Велико Търново |
| 653 ## - Ключова дума – ненормативна | |
| Ключова дума | университети |
| 700 1# - Други автори (авторска отговорност) | |
| Лично име | Радев, Иван Николов |
| Автороска отговорност (Описва отношението между автора и произведението) | състав. |
| 9 (RLIN) | 363332 |
| 700 1# - Други автори (авторска отговорност) | |
| Лично име | Василев, Сава |
| Автороска отговорност (Описва отношението между автора и произведението) | предг. от |
| 9 (RLIN) | 366026 |
| 852 ## - Местоположение | |
| Форматна сигнатура | Цб 221617 |
| 852 ## - Местоположение | |
| Форматна сигнатура | К 016:929/В 39 |
| 856 4# - Електронен адрес и достъп | |
| Електронен формат | pdf - файл |
| 856 4# - Електронен адрес и достъп | |
| Електронен формат | pdf - файл |
| 999 ## - СИСТЕМНИ КОНТРОЛНИ НОМЕРА | |
| Koha biblionumber | 110795 |
| Koha biblioitemnumber | 110795 |
| 942 ## - АРТИКУЛИ | |
| Вид на библиотечния материал | Книги |
| Скрит в OPAC | Не |
| Периодичен библиозапис | Да |
| 944 ## - СЪЗДАВАНЕ И РЕДАКЦИЯ на ЗАПИСА | |
| Създаване/Редакция | Създаване |
| Дата на регистрацията/редакция | 11.11.2004 |
| Служител, извършил регистрацията/редакцията | Валя_Йорданова |
| 944 ## - СЪЗДАВАНЕ И РЕДАКЦИЯ на ЗАПИСА | |
| Създаване/Редакция | Редакция |
| Дата на регистрацията/редакция | 11.02.2013 |
| 999 ## - СИСТЕМНИ КОНТРОЛНИ НОМЕРА | |
| Koha biblioitemnumber | 110795 |
| Код за отписване | Код за изгубен артикул | Код за повреда | Коз за рестрикции | Код за отдаване | Артикулен № | Име на библиотеката - собственик | Име на библиотеката, в която се намира в момента | Статус (Текущо местоположение) | Дата на вписване в системата | Местоположение - отдел | Цена в лева | Инвентарен номер | Систематично азбучна сигнатура | Баркод | Номер на екземпляра | Цена в евро | Служебна бележка | Служебен тип на артикула | Източник на класификационната схема |
|---|---|---|---|---|---|---|---|---|---|---|---|---|---|---|---|---|---|---|---|
| Не е изгубен | Не е повреден | без рестрикции | ползва се в читалня | 178127 | Регионална библиотека "Любен Каравелов" Русе | Регионална библиотека "Любен Каравелов" Русе | Хранилище | 2004-11-11 | Хранилище | 0.00 | 120000689983 | Цб 221617 | 120000689983 | 1 | 0.00 | Дост: Dp Вид: Д N: 5 Дата: 21.01.2004 | Книги | ||
| Не е изгубен | Не е повреден | без рестрикции | ползва се в читалня | 178128 | Регионална библиотека "Любен Каравелов" Русе | Регионална библиотека "Любен Каравелов" Русе | Краезнание | 2006-05-22 | Краезнание | 3.00 | 120000702305 | К 016:929/В 39 | 120000702305 | 2 | 1.53 | Дост: DA Вид: А N: 11 Дата: 22.05.2006 Дата инв: 13.11.2017 Бележки инв: СК2017 | Книги | Universal Decimal Classification |